| 000 | 00406nam a2200109Ia 4500 | ||
|---|---|---|---|
| 008 | 160909s9999 xx 000 0 und d | ||
| 100 | _aSarinana, Alma A. | ||
| 245 | _aPreschoolers' cognitive development in relation to preschool education and learning environment | ||
| 260 |
_bCalifornia State University. _c2016 |
||
| 650 | _aEDUC/SPED | ||
| 856 | _uhttp://pqdtopen.proquest.com/doc/1776157892.html?FMT=ABS | ||
| 999 |
_c305107 _d305107 |
||